Song Quiz: alt-J - Statistics

General Stats
  • This quiz has been taken 63 times
  • The average score is 24 of 36
Answer Stats
Answer % Correct
Breezeblocks
94%
Taro
90%
Intro
88%
Intro
88%
Matilda
86%
Tesselate
82%
Left Hand Free
80%
Interlude 1
76%
Interlude 2
76%
Interlude 3
76%
Nara
76%
Fitzpleasure
75%
Bloodflood
73%
Bloodflood pt. II
73%
Deadcrush
71%
Dissolve Me
71%
In Cold Blood
71%
Something Good
71%
Leaving Nara
69%
Arrival in Nara
67%
Ms
67%
3WW
65%
Adeline
65%
Hunger of the Pine
61%
Every Other Freckle
59%
Handmade
57%
Hit Me Like That Snare
57%
House of the Rising Sun
57%
Pusher
55%
Last Year
51%
The Gospel of John Hurt
49%
Lovely Day (Bonus Track)
47%
Pleader
47%
Warm Foothills
41%
Choice Kingdom
39%
Garden of Eden - Interlude
14%
No matching quizzes found
Score Distribution
Percent of People with Each Score
Percentile by Number Answered
Your Score History
You have not taken this quiz